000 00210nam a2200097Ia 4500
008 240331s9999 xx 000 0 und d
082 _bSHA
100 _aShanmugadas, M
245 0 _aSathiyum thudakkum
942 _cL
999 _c1963
_d1963